| 000 | 00697cam a2200265 4500 | ||
|---|---|---|---|
| 001 | J3444 | ||
| 008 | 090401t1995 xxu||||| |||| 00| 0 eng d | ||
| 035 | _a(Sirsi) u55068 | ||
| 041 | _aeng | ||
| 050 | _a711.552 | ||
| 100 | _aBeaumont, Stephen | ||
| 245 | 4 | _aThe future of town centres and retailing. | |
| 260 |
_bThe author _c1995 |
||
| 300 | _a16p. ; 30cm. | ||
| 350 | _a0 | ||
| 520 | _aThis paper won the Marks & Spencer award in the CPD Millennium 2000 awards. | ||
| 650 | _aHIGH STREETS | ||
| 650 | _aOUT-OF-TOWN DEVELOPMENT | ||
| 650 | _aRETAILING | ||
| 650 | _aSHOPPING CENTRES | ||
| 650 | _aTOWN CENTRES | ||
| 690 | _aURBAN RENEWAL | ||
| 942 | _n0 | ||
| 948 | _c04/03/1997 | ||
| 999 |
_c93554 _d93554 |
||